000 00520 a2200157 4500
999 _c4180
_d4180
020 _a0747202869
050 _aN 8260 FOO 1990
100 _aFoot, M.R.D.
_eauthor
110 _aImperial war museum
245 _aArt and war :
_btwentieth century warfare as depicted by war artists /
_cM.R.D. Foot
264 _aLondon:
_bHeadline Book Publishing Plc,
_c1990
300 _a237p.
_bill.
500 _aIncludes bibliographical references and index
650 _aWar paintings
_xspecial objects
942 _2lcc
_cBK
_h8260
_iFOO
_kN